<?xml version="1.0" encoding="UTF-8"?>
<record
    xmlns:xsi="http://www.w3.org/2001/XMLSchema-instance"
    xsi:schemaLocation="http://www.loc.gov/MARC21/slim http://www.loc.gov/standards/marcxml/schema/MARC21slim.xsd"
    xmlns="http://www.loc.gov/MARC21/slim">

  <leader>00788nam a2200145   4500</leader>
  <controlfield tag="008">708 M774h</controlfield>
  <datafield tag="020" ind1=" " ind2=" ">
    <subfield code="a">9789968530422</subfield>
  </datafield>
  <datafield tag="082" ind1=" " ind2=" ">
    <subfield code="a">708</subfield>
    <subfield code="b">M744h</subfield>
  </datafield>
  <datafield tag="100" ind1=" " ind2=" ">
    <subfield code="a">Monge Picado, Mar&#xED;a Jos&#xE9;</subfield>
    <subfield code="9">4341</subfield>
  </datafield>
  <datafield tag="245" ind1=" " ind2=" ">
    <subfield code="a">H&#xE9;roes, Monstruos y otros seres extraordinarios</subfield>
  </datafield>
  <datafield tag="260" ind1=" " ind2=" ">
    <subfield code="a">San Jos&#xE9;, Costa Rica</subfield>
    <subfield code="b">Fundaci&#xF3;n Museos del Banco Central</subfield>
    <subfield code="c">2017</subfield>
  </datafield>
  <datafield tag="300" ind1=" " ind2=" ">
    <subfield code="a">120 p. </subfield>
    <subfield code="b">ill (col)</subfield>
    <subfield code="c">28 x 22 cm</subfield>
  </datafield>
  <datafield tag="505" ind1=" " ind2=" ">
    <subfield code="t">Presentaci&#xF3;n</subfield>
    <subfield code="t">A modo de introducci&#xF3;n</subfield>
    <subfield code="t">1. &#xBF;Qui&#xE9;n soy? &#xBF;Cu&#xE1;l es el sentido de mi existencia?</subfield>
    <subfield code="t">2. &#xBF;Qui&#xE9;n soy para los otros? &#xBF;Y los otros para mi? ...</subfield>
    <subfield code="t">3. Curar, limpiar y civilizar el cuerpo</subfield>
    <subfield code="t">4. &#xBF;Qui&#xE9;nes somos? &#xBF;A qu&#xE9; aspiramos?</subfield>
    <subfield code="t">5 &#xBF;Qui&#xE9;nes somos? &#xBF;A qu&#xE9; tememos?</subfield>
    <subfield code="t">En fin...</subfield>
    <subfield code="t">Lista de figuras</subfield>
    <subfield code="t">Bibliograf&#xED;a</subfield>
  </datafield>
  <datafield tag="650" ind1=" " ind2=" ">
    <subfield code="x">arte contempor&#xE1;neo</subfield>
    <subfield code="x">arte - exhibiciones</subfield>
    <subfield code="x">Costa Rica</subfield>
    <subfield code="9">6531</subfield>
  </datafield>
  <datafield tag="999" ind1=" " ind2=" ">
    <subfield code="c">1553</subfield>
    <subfield code="d">1553</subfield>
  </datafield>
  <datafield tag="952" ind1=" " ind2=" ">
    <subfield code="0">0</subfield>
    <subfield code="1">0</subfield>
    <subfield code="2">ddc</subfield>
    <subfield code="4">0</subfield>
    <subfield code="7">0</subfield>
    <subfield code="a">LV</subfield>
    <subfield code="b">LV</subfield>
    <subfield code="c">Colectivas</subfield>
    <subfield code="d">2018-07-14</subfield>
    <subfield code="l">0</subfield>
    <subfield code="o">708 M744h</subfield>
    <subfield code="p">004624</subfield>
    <subfield code="r">2018-07-14 00:00:00</subfield>
    <subfield code="w">2018-07-14</subfield>
    <subfield code="y">01</subfield>
  </datafield>
</record>
